00467 a2200169 450000100060000002000150000604000240002110000180004524000320006324500270009530000070012236200090012965000310013894200070016995201040017699900170028069933 a8572081496 cAnchieta - Itaigara aJosé, Elias10aCantos de encantamentolpor10aCantos de encantamento a350 a1996 4aLiteratura infanto-juvenil cBK 00104070a88.1b88.1d2023-11-21l0o028.5 JOS CANp2838/ITAr2023-11-21 20:04:44w2023-11-21yBK c69933d69933